[Event "Reykjavik Open 2026"]
[Site "Reykjavik ISL"]
[Date "2026.03.26"]
[Round "2.113"]
[White "Bernstein, Charles B"]
[Black "Hallmundarson, Birkir"]
[Result "0-1"]
[WhiteElo "1667"]
[BlackElo "1949"]
[WhiteFideId "39970639"]
[BlackFideId "2319446"]
[EventDate "2026.03.25"]

1. e4 c5 2. Nf3 Nc6 3. d4 cxd4 4. Nxd4 g6 5. c4 Nf6 6. Nc3 d6 7. Nc2 Bg7 8. Be3
O-O 9. Be2 Be6 10. O-O Rc8 11. Qd2 Ng4 12. Bf4 Qa5 13. b4 Qb6 14. h3 Nge5 15.
Be3 Qc7 16. Nd5 Bxd5 17. cxd5 Na5 18. bxa5 Qxc2 19. Qxc2 Rxc2 20. Bd1 Rc4 21.
Bxa7 Ra8 22. Bb6 Rxe4 23. Rc1 Nc4 24. f3 Rf4 25. g3 Nxb6 26. gxf4 Nxd5 27. Bb3
Bd4+ 28. Kh1 Nxf4 29. Rc7 Rxa5 30. Rc4 Ne2 31. Re1 Ng3+ 32. Kh2 Nf5 33. Rc7 b6
34. Re4 Kg7 35. Rc8 d5 36. Re2 e6 37. Rc7 Kf6 38. Rc6 Be5+ 39. Kg2 Nd4 40. Rcc2
Nxc2 41. Rxc2 Rc5 42. Re2 Kf5 43. Bc2+ Kf4 44. Bd3 Bd4 45. Re1 Rc3 46. Be2 Rc2
47. Kf1 Rxa2 48. h4 Ra1 49. Rxa1 Bxa1 50. h5 gxh5 51. Bd3 f5 52. Kf2 h4 53. Kg2
h3+ 54. Kxh3 Kxf3 55. Kh4 e5 56. Kh5 e4 57. Bc2 e3 58. Bd1+ e2 59. Bxe2+ Kxe2
60. Kh6 f4 61. Kxh7 f3 62. Kh6 f2 63. Kh7 f1=Q 64. Kh6 Qg2 65. Kh7 Qg7# 0-1

[Event "Reykjavik Open 2026"]
[Site "Reykjavik ISL"]
[Date "2026.03.26"]
[Round "2.114"]
[White "Heppert, Lars"]
[Black "Song, Jeffrey"]
[Result "1-0"]
[WhiteElo "1975"]
[BlackElo "1653"]
[WhiteFideId "24668575"]
[BlackFideId "30976987"]
[EventDate "2026.03.25"]

1. d4 Nf6 2. c4 e6 3. Nf3 d5 4. cxd5 exd5 5. Bg5 c5 6. Nc3 Nc6 7. g3 cxd4 8.
Nxd4 Bc5 9. e3 O-O 10. Nb3 Bb6 11. Bg2 d4 12. Bxf6 Qxf6 13. Nd5 Qh6 14. Nxb6
axb6 15. Nxd4 Re8 16. O-O Bh3 17. Nxc6 Bxg2 18. Ne7+ Rxe7 19. Kxg2 Qc6+ 20. Kg1
h5 21. Qxh5 Ra5 22. Qh4 Re6 23. Rfd1 Rh6 24. Qd8+ Kh7 25. Rac1 Qf3 26. Qd3+ Rf5
27. Rd2 g6 28. e4 Qxd3 29. Rxd3 Rfh5 30. Rc7 Rxh2 31. Rxf7+ Kg8 32. Rxb7 1-0

[Event "Reykjavik Open 2026"]
[Site "Reykjavik ISL"]
[Date "2026.03.26"]
[Round "2.115"]
[White "Steiner, Peter Markus"]
[Black "Scotti, Martin"]
[Result "0-1"]
[WhiteElo "1634"]
[BlackElo "1943"]
[WhiteFideId "12938491"]
[BlackFideId "551035065"]
[EventDate "2026.03.25"]

1. b4 e5 2. Bb2 Bxb4 3. Bxe5 Nf6 4. e3 d5 5. Nf3 O-O 6. Be2 c5 7. Bb2 Nc6 8. O-O
Re8 9. d3 Qe7 10. Nbd2 d4 11. e4 b5 12. a4 bxa4 13. Rxa4 a5 14. Nc4 Ba6 15. Nfd2
Bb5 16. Ra2 Ne5 17. Na3 Bd7 18. f4 Bxd2 19. Qxd2 Neg4 20. Nc4 Be6 21. Bxg4 Bxc4
22. dxc4 Nxg4 23. Qe2 Ne3 24. Rfa1 Qxe4 25. Bc1 Qxf4 0-1

[Event "Reykjavik Open 2026"]
[Site "Reykjavik ISL"]
[Date "2026.03.26"]
[Round "2.116"]
[White "Vitale, Romualdo"]
[Black "Nishida, Eito"]
[Result "1-0"]
[WhiteElo "1975"]
[BlackElo "1587"]
[WhiteFideId "862134"]
[BlackFideId "7006357"]
[EventDate "2026.03.25"]

1. d4 Nf6 2. Bf4 c5 3. e3 d5 4. Nf3 Nc6 5. Nbd2 Bf5 6. dxc5 e6 7. Nd4 Bxc5 8.
Nxf5 exf5 9. Bd3 Qd7 10. Nb3 Bb6 11. O-O O-O 12. c3 Ne4 13. Qc2 Rac8 14. a3 Rfe8
15. Rad1 Qe7 16. h3 Qf6 17. Kh1 Ne5 18. Bb5 Red8 19. Nd4 h5 20. f3 Nd6 21. Bd3
Bxd4 22. exd4 Nxd3 23. Qxd3 g5 24. Be5 Qg6 25. Rde1 Nc4 26. b3 Nd6 27. Bxd6 Rxd6
28. Re5 f4 29. Qd2 Kh7 30. g3 Rg8 31. Rg1 fxg3 32. Rxg3 Qh6 33. Qd3+ Kh8 34. Qf5
Rf6 35. Qd3 g4 36. fxg4 hxg4 37. Rxd5 Re8 38. Re5 Rg8 39. Re4 Rf3 40. Re3 Qf4
41. Rexf3 gxf3 42. Rxf3 Qg5 43. Qf1 Qd5 44. Qf2 Re8 45. c4 Qe4 46. Kh2 Rd8 47.
Rf4 1-0

[Event "Reykjavik Open 2026"]
[Site "Reykjavik ISL"]
[Date "2026.03.26"]
[Round "2.117"]
[White "Van Meurs, Rob"]
[Black "Austin, Hazel"]
[Result "1-0"]
[WhiteElo "1964"]
[BlackElo "1501"]
[WhiteFideId "1012932"]
[BlackFideId "39951138"]
[EventDate "2026.03.25"]

1. e4 Nf6 2. e5 Nd5 3. c4 Nb6 4. d4 d6 5. exd6 cxd6 6. Nc3 g6 7. Be3 Bg7 8. Rc1
Nc6 9. b3 Bf5 10. d5 Ne5 11. Be2 Qc8 12. h3 h5 13. Bd4 O-O 14. f4 Nd3+ 15. Bxd3
Bxd4 16. Nf3 Bxc3+ 17. Rxc3 Bxd3 18. Qxd3 Nd7 19. O-O Qc5+ 20. Kh2 Nf6 21. f5
Kh7 22. fxg6+ Kg8 23. Ng5 Rfc8 24. gxf7+ Kh8 25. Rxf6 1-0

[Event "Reykjavik Open 2026"]
[Site "Reykjavik ISL"]
[Date "2026.03.26"]
[Round "2.118"]
[White "Sankrithi, Sarang Athreya"]
[Black "Hartmann, Wolfgang"]
[Result "0-1"]
[WhiteElo "1491"]
[BlackElo "1934"]
[WhiteFideId "39939090"]
[BlackFideId "12977373"]
[EventDate "2026.03.25"]

1. d4 d5 2. c4 e6 3. Nc3 Nf6 4. cxd5 Nxd5 5. e4 Nxc3 6. bxc3 c5 7. Nf3 cxd4 8.
cxd4 Bb4+ 9. Bd2 Bxd2+ 10. Qxd2 O-O 11. Bd3 Nc6 12. e5 Qa5 13. Qxa5 Nxa5 14. Rb1
b6 15. Be4 Bb7 16. Bxb7 Nxb7 17. Ke2 Rfc8 18. Rbc1 Kf8 19. Kd2 Ke7 20. Rxc8 Rxc8
21. Rc1 Rxc1 22. Kxc1 h6 23. Kc2 Kd7 24. Kc3 Kc6 25. Nd2 b5 26. f4 a5 27. g4 Kd5
28. Kd3 Nd8 29. Nf1 Kc6 30. Ne3 Kb6 31. d5 exd5 32. Nxd5+ Kc5 33. Ne3 g6 34. f5
b4 35. Nc4 gxf5 36. gxf5 a4 37. Nd6 Kd5 38. Nc4 a3 39. Na5 Kxe5 40. Kc4 Kxf5 41.
Kxb4 Ke4 42. Nc4 f5 43. Kxa3 f4 44. Nd6+ Kd3 45. Nf5 f3 46. Ng3 f2 47. Kb4 h5
48. h4 Nc6+ 49. Kc5 Na5 50. Kb5 Nc4 51. a4 Nd6+ 52. Kc6 Nc4 53. Kb5 Nd6+ 54. Kc6
Nf5 55. Nf1 Ke2 56. Nh2 Nd4+ 57. Kb7 Nf3 58. Nf1 Kxf1 59. a5 Kg2 60. a6 f1=Q 61.
a7 Qb5+ 62. Ka8 Qc6+ 63. Kb8 Qb6+ 64. Ka8 Ng5 65. hxg5 Qc7 0-1

[Event "Reykjavik Open 2026"]
[Site "Reykjavik ISL"]
[Date "2026.03.26"]
[Round "2.126"]
[White "Liang, Hairan"]
[Black "Amar, Elham"]
[Result "0-1"]
[WhiteTitle "CM"]
[BlackTitle "GM"]
[WhiteElo "2150"]
[BlackElo "2581"]
[WhiteFideId "2620278"]
[BlackFideId "1533533"]
[EventDate "2026.03.25"]

1. d4 Nf6 2. Nc3 d5 3. Bf4 c5 4. e4 Nxe4 5. Nxe4 dxe4 6. dxc5 Qxd1+ 7. Rxd1 Nc6
8. f3 e5 9. Be3 exf3 10. Nxf3 f6 11. Bc4 Bd7 12. Bd5 O-O-O 13. O-O Be7 14. a3 g5
15. b4 h5 16. Nd2 Bg4 17. Bf3 Be6 18. Bxc6 bxc6 19. Ne4 Kc7 20. Rxd8 Rxd8 21.
Nd6 Rf8 22. h4 gxh4 23. Nf5 Bxf5 24. Rxf5 Rh8 25. Bf2 h3 26. gxh3 Kd7 27. c4 Ke6
28. Rf3 f5 29. b5 e4 30. Rb3 f4 31. Bd4 Rd8 32. bxc6 Rxd4 33. c7 Kd7 34. c6+
Kxc7 35. Rb7+ Kd6 36. c5+ Kxc6 37. Rxe7 Kxc5 38. Rxa7 Rd2 39. Ra4 Kd5 40. Kf1 f3
41. Ra8 e3 42. Rd8+ Ke4 43. Re8+ Kd3 44. Rd8+ Kc2 45. Rc8+ Kd1 0-1

[Event "Reykjavik Open 2026"]
[Site "Reykjavik ISL"]
[Date "2026.03.26"]
[Round "2.127"]
[White "Kamp, Adrian"]
[Black "Suleymenov, Alisher"]
[Result "0-1"]
[BlackTitle "GM"]
[WhiteElo "2136"]
[BlackElo "2523"]
[WhiteFideId "16222466"]
[BlackFideId "13707833"]
[EventDate "2026.03.25"]

1. e4 c5 2. Nf3 d6 3. Bb5+ Nd7 4. a4 Nf6 5. Nc3 g6 6. d3 Bg7 7. O-O O-O 8. h3 a6
9. Bc4 b6 10. Bf4 Bb7 11. Qd2 Qc7 12. Rfe1 e6 13. e5 dxe5 14. Nxe5 Nxe5 15. Bxe5
Qc6 16. f3 Rad8 17. Qf4 Nh5 18. Qh4 Qc8 19. Bxg7 Nxg7 20. Ne4 Nf5 21. Qf6 Bxe4
22. Rxe4 b5 23. axb5 axb5 24. Bxb5 Nd6 25. Bc4 Nxe4 26. fxe4 Rd7 27. Ra6 Qb8 28.
Rc6 Rc7 29. Ra6 Ra7 30. Rxa7 Qxa7 31. h4 Qa4 32. b3 Qa5 33. Kh2 Qd8 34. Qxd8
Rxd8 35. c3 Rb8 36. d4 cxd4 37. cxd4 Kf8 38. g4 Rd8 39. d5 e5 40. g5 Ke7 41. Kg3
Kd6 42. Bb5 Rb8 43. Bc4 Ra8 44. Kf3 Ra1 45. Bb5 Rb1 46. Ba4 Rf1+ 47. Kg3 Rf4 48.
Be8 f6 49. gxf6 Rxf6 50. h5 Rf8 51. Bb5 gxh5 52. b4 h4+ 53. Kg2 Rb8 54. Bd3 Rxb4 0-1

[Event "Reykjavik Open 2026"]
[Site "Reykjavik ISL"]
[Date "2026.03.26"]
[Round "2.128"]
[White "Chasin, Nico"]
[Black "Patel, Zain"]
[Result "1-0"]
[WhiteTitle "IM"]
[WhiteElo "2523"]
[BlackElo "2062"]
[WhiteFideId "30908477"]
[BlackFideId "469246"]
[EventDate "2026.03.25"]

1. Nf3 Nf6 2. g3 b6 3. Bg2 Bb7 4. O-O e6 5. c4 c5 6. d3 d5 7. cxd5 Nxd5 8. d4
Nf6 9. Nc3 Be7 10. dxc5 Qxd1 11. Rxd1 Bxc5 12. Nb5 Na6 13. Ne5 Bxg2 14. Kxg2 O-O
15. Nc6 Nd5 16. a3 Rfe8 17. b4 Bf8 18. Bb2 Ne7 19. Ncxa7 Red8 20. Rac1 Nf5 21.
Rxd8 Rxd8 22. Rc6 Rb8 23. Nc8 Ne7 24. Nxe7+ Bxe7 25. Be5 1-0

[Event "Reykjavik Open 2026"]
[Site "Reykjavik ISL"]
[Date "2026.03.26"]
[Round "2.129"]
[White "Prraneeth, Vuppala"]
[Black "Rutkowski, Feliks"]
[Result "1-0"]
[WhiteTitle "GM"]
[WhiteElo "2515"]
[BlackElo "2103"]
[WhiteFideId "46622373"]
[BlackFideId "21064920"]
[EventDate "2026.03.25"]

1. e4 e5 2. Nf3 Nf6 3. Nxe5 d6 4. Nf3 Nxe4 5. d4 d5 6. Bd3 Bd6 7. O-O O-O 8. c4
c6 9. Re1 Bf5 10. Qb3 Qd7 11. Nc3 Nxc3 12. Bxf5 Qxf5 13. bxc3 b6 14. cxd5 Qxd5
15. c4 Qf5 16. c5 Bc7 17. Ba3 Rd8 18. Re7 Nd7 19. d5 Re8 20. Rae1 Rxe7 21. Rxe7
Qf6 22. d6 Bd8 23. Re8+ Nf8 24. Ne5 Qf5 25. g4 Qf4 26. Qe3 Qa4 27. Rxf8+ 1-0

[Event "Reykjavik Open 2026"]
[Site "Reykjavik ISL"]
[Date "2026.03.26"]
[Round "2.130"]
[White "Wang, Shanshan"]
[Black "Balakrishnan, Praveen"]
[Result "0-1"]
[WhiteTitle "WFM"]
[BlackTitle "GM"]
[WhiteElo "2011"]
[BlackElo "2496"]
[WhiteFideId "8605262"]
[BlackFideId "2064871"]
[EventDate "2026.03.25"]

1. e4 e6 2. d4 d5 3. Nc3 Nf6 4. Bg5 dxe4 5. Nxe4 Be7 6. Nxf6+ Bxf6 7. Bxf6 Qxf6
8. Nf3 O-O 9. Bd3 c5 10. c3 cxd4 11. Nxd4 e5 12. Nb5 Na6 13. O-O Nc5 14. Qc2 h6
15. Nc7 Rb8 16. Nd5 Qg5 17. f4 exf4 18. Nxf4 b6 19. Bc4 Bf5 20. Qf2 Ne4 21. Qe3
Rbe8 22. Bb5 Re5 23. a4 Bc8 24. Rae1 Bb7 25. Re2 Rf5 26. g3 Rf6 27. Ng2 Rxf1+
28. Kxf1 Qd5 29. Qd3 Qf5+ 30. Kg1 Qg4 31. Re1 Ng5 32. Re8 Nh3+ 33. Kf1 Bxg2+ 34.
Ke1 Rxe8+ 35. Bxe8 Qe6+ 36. Qe2 Ng5 0-1

[Event "Reykjavik Open 2026"]
[Site "Reykjavik ISL"]
[Date "2026.03.26"]
[Round "2.131"]
[White "Zhu, Yilun"]
[Black "Soderstrom, Adrian"]
[Result "0-1"]
[BlackTitle "FM"]
[WhiteElo "2087"]
[BlackElo "2374"]
[WhiteFideId "8609292"]
[BlackFideId "1745786"]
[EventDate "2026.03.25"]

1. e4 e5 2. Nf3 Nc6 3. Bc4 Bc5 4. c3 Nf6 5. d4 exd4 6. e5 d5 7. Bb5 Ne4 8. cxd4
Bb6 9. Nc3 O-O 10. Be3 f5 11. exf6 Nxc3 12. bxc3 Qxf6 13. O-O Bg4 14. Be2 Rae8
15. Qb3 Qd6 16. Rfe1 Kh8 17. Qc2 Bxf3 18. Bxf3 Ne7 19. Bh5 g6 20. Bg4 Ng8 21.
Bg5 c6 22. Bh4 Bc7 23. Bg3 Qd8 24. Qd3 Nf6 25. Bf3 Bxg3 26. hxg3 Rf7 27. Re3
Rfe7 28. Rae1 Kg7 29. Re5 Nd7 30. R5e3 Nb6 31. Bg4 Nc4 32. R3e2 Rxe2 33. Rxe2
Re7 34. Qb1 Rxe2 35. Bxe2 Nd6 36. Qb4 Qe7 37. Bd3 Kf7 38. Qa3 Qe1+ 39. Kh2 Ke7
40. Qb2 Kd7 41. Qc2 Ne8 42. Be2 Kc7 43. f3 Ng7 44. Qd3 Nf5 45. f4 Nd6 46. Bf3 b5
47. g4 Kb6 48. Kh3 h5 49. gxh5 gxh5 50. Qg6 Ne4 51. Bxe4 dxe4 52. f5 e3 53. Qd6
Qxc3 54. Qb8+ Ka6 55. Qc8+ Ka5 56. Qc7+ Kb4 57. Qe7+ c5 58. g3 Qxd4 59. f6 Qg4+
60. Kg2 Qe2+ 61. Kh3 Qf1+ 62. Kh2 Qf2+ 63. Kh3 e2 64. a3+ Kb3 65. Qe6+ c4 66.
Qc6 Qf5+ 0-1

[Event "Reykjavik Open 2026"]
[Site "Reykjavik ISL"]
[Date "2026.03.26"]
[Round "2.132"]
[White "Balabayeva, Xeniya"]
[Black "Mehta, Hursh"]
[Result "1-0"]
[WhiteTitle "WGM"]
[WhiteElo "2365"]
[BlackElo "2000"]
[WhiteFideId "13719688"]
[BlackFideId "30961157"]
[EventDate "2026.03.25"]

1. d4 Nf6 2. c4 e6 3. Nc3 Bb4 4. e3 O-O 5. Bd2 b6 6. a3 Bxc3 7. Bxc3 Bb7 8. f3
d5 9. Nh3 Nbd7 10. Be2 Re8 11. O-O e5 12. dxe5 Nxe5 13. cxd5 Nxd5 14. Bd2 Qe7
15. e4 Qc5+ 16. Rf2 Ne3 17. Qc1 Nc2 18. b4 Qc6 19. Rb1 Nd4 20. Qxc6 Nxe2+ 21.
Rxe2 Bxc6 22. Bf4 Bb5 23. Rd2 Nc4 24. Ra2 Ne5 25. a4 Bc4 26. Ra3 a6 27. Rc1 b5
28. axb5 Bxb5 29. Bxe5 Rxe5 30. Rxc7 Rd8 31. Nf4 f5 32. exf5 Rxf5 33. Rxg7+ Kh8
34. Rg4 Rd4 35. Ng6+ hxg6 36. Rxd4 Re5 37. Re4 Rd5 38. Re7 Rd4 39. Rc3 Rd8 40.
Rcc7 Be8 41. Ra7 Bb5 42. Rh7+ Kg8 43. Rhg7+ Kh8 44. Rxg6 Rd4 45. Rb6 Rd8 46. h4 1-0

[Event "Reykjavik Open 2026"]
[Site "Reykjavik ISL"]
[Date "2026.03.26"]
[Round "2.133"]
[White "Spitzl, Vinzent"]
[Black "Ferzli, Michael"]
[Result "1-0"]
[WhiteTitle "FM"]
[WhiteElo "2356"]
[BlackElo "1930"]
[WhiteFideId "12901253"]
[BlackFideId "5310288"]
[EventDate "2026.03.25"]

1. e4 c5 2. Nf3 d6 3. Bb5+ Bd7 4. Bxd7+ Nxd7 5. O-O Ngf6 6. Nc3 e6 7. d4 cxd4 8.
Qxd4 Be7 9. Rd1 Qb6 10. Bg5 Qxd4 11. Rxd4 a6 12. Nd2 Ne5 13. Nc4 Nxc4 14. Rxc4
Rd8 15. Rd1 Nd7 16. Bf4 Nc5 17. a4 e5 18. Be3 Ne6 19. Nd5 f6 20. Bb6 Rd7 21.
Rc8+ Bd8 22. g3 Kf7 23. Be3 Rf8 24. Kg2 Bc7 25. Rxf8+ Kxf8 26. b4 Kf7 27. f4 h6
28. Kf3 Bb8 29. f5 Ng5+ 30. Bxg5 hxg5 31. b5 Rd8 32. bxa6 bxa6 33. Rb1 Rc8 34.
Rb7+ Kf8 35. Kg4 Rxc2 36. Rxb8+ Kf7 37. Rb7+ Kf8 38. Rb8+ Kf7 39. Rb7+ Kf8 40.
h3 a5 41. Kh5 Rc4 42. Kg6 Ke8 43. Rb8+ Kd7 44. Nb6+ 1-0

[Event "Reykjavik Open 2026"]
[Site "Reykjavik ISL"]
[Date "2026.03.26"]
[Round "2.134"]
[White "Dunn, Maxim"]
[Black "Wang, Qibiao"]
[Result "0-1"]
[WhiteElo "1941"]
[BlackElo "2332"]
[WhiteFideId "456551"]
[BlackFideId "8604282"]
[EventDate "2026.03.25"]

1. d4 Nf6 2. c4 e6 3. Nf3 d5 4. g3 dxc4 5. Bg2 c6 6. O-O b5 7. a4 Bb7 8. b3 cxb3
9. Qxb3 b4 10. a5 Qd5 11. Qb2 c5 12. a6 Bc6 13. dxc5 Bxc5 14. Bd2 Qd6 15. Ra5
Nbd7 16. Rc1 O-O 17. Raxc5 Nxc5 18. Bxb4 Nfd7 19. Qc3 Rac8 20. Na3 Bd5 21. Qd4
Qxa6 22. Bc3 f6 23. Ra1 Nb3 0-1

[Event "Reykjavik Open 2026"]
[Site "Reykjavik ISL"]
[Date "2026.03.26"]
[Round "2.135"]
[White "Mannion, Stephen R"]
[Black "Van de Steeg, Tim"]
[Result "1-0"]
[WhiteTitle "IM"]
[WhiteElo "2202"]
[BlackElo "2002"]
[WhiteFideId "2400111"]
[BlackFideId "40108112"]
[EventDate "2026.03.25"]

1. e4 c5 2. Nf3 d6 3. d4 cxd4 4. Nxd4 Nf6 5. Nc3 Nc6 6. Bg5 e6 7. Qd2 Bd7 8.
Ndb5 Qa5 9. Bxf6 gxf6 10. Nxd6+ Bxd6 11. Qxd6 O-O-O 12. O-O-O Nb4 13. a3 Nxc2
14. Bb5 Bxb5 15. Qc5+ Kb8 16. Qxb5 Qxb5 17. Nxb5 Na1 18. b4 Rc8+ 19. Kb2 Nc2 20.
Rd2 a6 21. Nd6 Rc6 22. Rhd1 Rd8 23. Nxf7 Rxd2 24. Rxd2 Ne1 25. f3 Rc7 26. Nh6
Rg7 27. Ng4 f5 28. exf5 exf5 29. Ne3 f4 30. Ng4 h5 31. Nf6 Rxg2 32. Rxg2 Nxg2
33. Nxh5 Nh4 34. Nxf4 Nxf3 35. h3 b6 36. Ng6 Ng5 37. h4 Nh7 38. h5 Kc7 39. Kc3
Kd6 40. Kd4 Kc6 41. a4 Kd6 42. Nf4 Nf6 43. h6 Nh7 44. Nd5 Kc6 45. Ke5 a5 46. b5+
Kc5 47. Nxb6 1-0

[Event "Reykjavik Open 2026"]
[Site "Reykjavik ISL"]
[Date "2026.03.26"]
[Round "2.136"]
[White "Schuurmans, Arjan"]
[Black "Tran, Anh Hai"]
[Result "1-0"]
[WhiteElo "1913"]
[BlackElo "1705"]
[WhiteFideId "1084763"]
[BlackFideId "2334259"]
[EventDate "2026.03.25"]

1. e4 d6 2. d4 e5 3. Nf3 exd4 4. Nxd4 Nf6 5. Nc3 Be7 6. Bd3 O-O 7. O-O Nc6 8.
Nxc6 bxc6 9. h3 Re8 10. Re1 h6 11. f4 Bf8 12. Qf3 Bb7 13. Bd2 Qd7 14. a4 a6 15.
a5 c5 16. Nd5 Nxd5 17. exd5 Rxe1+ 18. Rxe1 Re8 19. Ra1 c6 20. c4 cxd5 21. cxd5
Qc8 22. Rc1 Qa8 23. Bc4 Bc8 24. g4 Bd7 25. Qd3 Qb7 26. Bxa6 Qxb2 27. Rb1 Qf6 28.
Bc4 Ra8 29. Kg2 Qd8 30. Qe4 Rxa5 31. Bxa5 Qxa5 32. Qe2 Qc3 33. Rb7 Ba4 34. Rb8
Qc2 35. Qxc2 Bxc2 36. Kf3 f5 37. Ke3 fxg4 38. hxg4 Kf7 39. Bd3 Bd1 40. Bf5 Be7
41. Be6+ Kf6 42. Rg8 g5 43. fxg5+ hxg5 44. Re8 Ba4 45. Ra8 Bb3 46. Ra7 Bc2 47.
Kd2 Bg6 48. Ke3 Bd8 49. Rd7 Be7 50. Bf5 Be8 51. Ra7 Bf7 52. Ke4 Be8 53. Ra8 Bb5
54. Rh8 Be2 55. Rh6+ Kg7 56. Rh7+ Kf6 57. Be6 Bd8 58. Rf7+ Kg6 59. Rd7 Bf6 60.
Rxd6 c4 61. Bf5+ Kf7 62. Ke3 Bd1 63. Kd2 Bb3 64. Be6+ Ke7 65. Rd7+ Ke8 66. Rc7
c3+ 67. Rxc3 Bxc3+ 68. Kxc3 Bd1 69. Kd4 Ke7 70. Ke5 Bf3 71. d6+ Kd8 72. Kf6 Ke8
73. Kxg5 Kf8 74. Kf6 Ke8 75. g5 Be4 76. g6 Bxg6 77. Kxg6 Kf8 78. Kf6 Ke8 79. Kg7
Kd8 80. Kf6 Ke8 81. d7+ Kd8 82. Kf7 Kc7 83. Ke8 1-0

[Event "Reykjavik Open 2026"]
[Site "Reykjavik ISL"]
[Date "2026.03.26"]
[Round "2.137"]
[White "Jukes, Sam"]
[Black "Helgason, Olafur Sindri"]
[Result "0-1"]
[WhiteElo "1905"]
[BlackElo "1699"]
[WhiteFideId "1803182"]
[BlackFideId "370243352"]
[EventDate "2026.03.25"]

1. e4 c5 2. Nf3 e6 3. d4 cxd4 4. Nxd4 Bc5 5. Nb3 Bb6 6. Nc3 Ne7 7. Bc4 O-O 8.
O-O Nbc6 9. Bf4 a6 10. Bd6 f6 11. Kh1 Ne5 12. Bxe5 fxe5 13. Qh5 Ng6 14. Nd1 d5
15. Bd3 Qf6 16. exd5 exd5 17. Bxg6 hxg6 18. Qe2 Bd7 19. Nc3 Bc6 20. f3 Rad8 21.
a4 Rfe8 22. a5 Ba7 23. Rfd1 g5 24. Nd2 Kf7 25. Nf1 Rh8 26. h3 Qf4 27. Qd2 Rxh3+
28. gxh3 Qxf3+ 29. Kh2 Rh8 30. Ng3 Bf2 31. Rg1 g4 0-1

[Event "Reykjavik Open 2026"]
[Site "Reykjavik ISL"]
[Date "2026.03.26"]
[Round "2.138"]
[White "Walo, Max"]
[Black "Matsunaga, Toma"]
[Result "1/2-1/2"]
[WhiteElo "1705"]
[BlackElo "1900"]
[WhiteFideId "1354701"]
[BlackFideId "7005512"]
[EventDate "2026.03.25"]

1. Nf3 Nf6 2. d4 d5 3. e3 Bf5 4. Bd3 Bxd3 5. Qxd3 c6 6. O-O e6 7. Nbd2 Be7 8. c4
Nbd7 9. e4 dxe4 10. Nxe4 Nxe4 11. Qxe4 Nf6 12. Qc2 O-O 13. Be3 Qc7 14. Rad1 Rfd8
15. b3 c5 16. Rd2 cxd4 17. Bxd4 Nd7 18. Re1 Bf6 19. Bxf6 Nxf6 20. Red1 Rxd2 21.
Qxd2 h6 22. Qd4 b6 23. h3 Rc8 24. Ne5 Kf8 25. h4 Ke7 26. g4 g5 27. hxg5 hxg5 28.
Qe3 Rg8 29. f3 a6 30. Kg2 b5 31. Qd4 bxc4 32. bxc4 Rb8 33. Rd2 Rc8 34. Qe3 Rg8 1/2-1/2

[Event "Reykjavik Open 2026"]
[Site "Reykjavik ISL"]
[Date "2026.03.26"]
[Round "2.139"]
[White "Laureano, Dereck"]
[Black "Hagestad, Iver Dagsonn"]
[Result "1-0"]
[WhiteElo "1891"]
[BlackElo "1666"]
[WhiteFideId "2076926"]
[BlackFideId "1592335"]
[EventDate "2026.03.25"]

1. b3 d5 2. Bb2 c5 3. e3 a6 4. Nf3 Bg4 5. Be2 Nf6 6. O-O e6 7. c4 Be7 8. cxd5
exd5 9. d4 O-O 10. dxc5 Bxc5 11. Nd4 Bxd4 12. Bxd4 Be6 13. Nd2 Nc6 14. Nf3 h6
15. Bb2 Rc8 16. Rc1 Qe7 17. Nd4 Nxd4 18. Qxd4 Bf5 19. Qh4 Kh7 20. Bxf6 Qxf6 21.
Qxf6 gxf6 22. Bf3 Be6 23. h3 Rg8 24. Kh2 Rgd8 25. Rfd1 Rxc1 26. Rxc1 Rd7 27. Rd1
f5 28. Kg3 Kg6 29. Kf4 h5 30. Ke5 Kg5 31. h4+ Kxh4 32. Kf4 1-0

[Event "Reykjavik Open 2026"]
[Site "Reykjavik ISL"]
[Date "2026.03.26"]
[Round "2.140"]
[White "Lervik, Anders"]
[Black "Gain, Soheil"]
[Result "1-0"]
[WhiteElo "1640"]
[BlackElo "1862"]
[WhiteFideId "1567870"]
[BlackFideId "646563"]
[EventDate "2026.03.25"]

1. d4 e6 2. c4 d5 3. Nf3 a6 4. e3 Nf6 5. Nc3 dxc4 6. Bxc4 b5 7. Bb3 Bb7 8. O-O
c5 9. Qe2 Be7 10. dxc5 Nbd7 11. Bc2 Nxc5 12. b3 b4 13. Nb1 O-O 14. Bb2 Nce4 15.
a3 a5 16. Rd1 Qc7 17. Rc1 Qb6 18. Nbd2 Rfd8 19. Nc4 Qb5 20. a4 Qh5 21. h3 Ng5
22. Nd4 Qxe2 23. Nxe2 Ba6 24. Nd4 Bxc4 25. bxc4 Rac8 26. Nb3 1-0

[Event "Reykjavik Open 2026"]
[Site "Reykjavik ISL"]
[Date "2026.03.26"]
[Round "2.141"]
[White "Jorgensen, Peter"]
[Black "Jonatansson, Sigurdur Freyr"]
[Result "1-0"]
[WhiteElo "1862"]
[BlackElo "1684"]
[WhiteFideId "1482556"]
[BlackFideId "2303116"]
[EventDate "2026.03.25"]

1. e4 c5 2. d4 cxd4 3. c3 e6 4. cxd4 Nf6 5. Nc3 Bb4 6. Bd3 Nc6 7. Nf3 h6 8. O-O
Bxc3 9. bxc3 O-O 10. Ba3 Re8 11. Bd6 Qa5 12. Qb3 Qh5 13. Rac1 b6 14. Bb1 Bb7 15.
Rfe1 Na5 16. Qb4 Rac8 17. c4 Rc6 18. e5 Nh7 19. Be4 Rcc8 20. Bxb7 Nxb7 21. c5
Nxd6 22. cxd6 Ng5 23. Nxg5 Qxg5 24. Rc7 Rxc7 25. dxc7 Rc8 26. h4 Qf4 27. g3 Qf3
28. Rc1 Qd5 29. Qd6 f6 30. Qe7 Qb7 31. Qd8+ Kh7 32. Qxd7 fxe5 33. dxe5 b5 34. h5
a5 35. Qxe6 Rxc7 36. Rxc7 Qxc7 37. Qg6+ Kg8 38. Qe8+ Kh7 39. e6 Qc1+ 40. Kh2 Qc2
41. Qf7 Qxa2 42. Qg6+ Kh8 43. Qf5 Qe2 44. Qf7 Qc4 45. Qf8+ Kh7 46. e7 1-0

[Event "Reykjavik Open 2026"]
[Site "Reykjavik ISL"]
[Date "2026.03.26"]
[Round "2.142"]
[White "Niori, Toma"]
[Black "Blokzijl, Ruben"]
[Result "1-0"]
[WhiteElo "1639"]
[BlackElo "1851"]
[WhiteFideId "7006519"]
[BlackFideId "1091964"]
[EventDate "2026.03.25"]

1. e4 d6 2. d4 Nf6 3. Nc3 Nbd7 4. Nf3 e5 5. Bc4 Be7 6. Bg5 c6 7. Qd2 Qc7 8. Bb3
b5 9. a3 a5 10. d5 Bb7 11. dxc6 Bxc6 12. Bd5 Nc5 13. Bxf6 gxf6 14. Nxb5 Qb6 15.
Bxc6+ Qxc6 16. Qd5 Qxd5 17. exd5 Rb8 18. c4 Nd3+ 19. Ke2 Nxb2 20. Nd2 Kd7 21. a4
Rhc8 22. Rhc1 Nxa4 23. Na7 Nc5 24. Nxc8 Kxc8 25. Rcb1 Rxb1 26. Rxb1 Bd8 27. Nb3
Bb6 28. Nxc5 Bxc5 29. Kf3 h5 30. Kg3 f5 31. f3 Kd7 32. Kh4 Be3 33. Ra1 Ke7 34.
Rxa5 Kf6 35. Kxh5 Bg1 36. h4 f4 37. Kh6 Bf2 38. h5 Bd4 39. Ra6 Ke7 40. Kh7 f5
41. Kg8 e4 42. h6 e3 43. Ra2 Kd7 44. h7 Kc7 45. h8=Q Bxh8 46. Kxh8 Kb6 47. Kg7
Kc5 48. Kf6 Kxc4 49. Kxf5 Kd3 50. Kxf4 e2 51. Rxe2 1-0